00624nam a2200217 a 450000100060000000300080000600500170001400800410003103500290007203500190010104000370012004100080015708200200016510000270018524500410021226000390025330000380029250400270033060000380035783000110039519030BD-RjUL20211209000356.0140223s1954 enkc b 001 1deng d a54-04863a(BD-RjUL)19088 a(OCoLC)2613808 aDLCcVWMdm.cdEQOdBD-RjULbeng aeng a823.9bALK 19541 aAlpers, Antony d1908-10aKatherine Mansfield /cAntony Alpers aLondon :bJonathan cape lim,c1954 axvi, 376 p. :bill, port ;c21 cm aBibliography: p. 31-3310aMansfield, Katherine,d1888-1923. 0vno. 49